Egipto en color / (Record no. 57478)

MARC details
000 -LEADER
campo de control de longitud fija 00718nam a2200217 i 4500
001 - NÚMERO DE CONTROL
campo de control 57478
003 - IDENTIFICADOR DE NÚMERO DE CONTROL
campo de control ES-MaACL
005 - FECHA Y HORA DE LA ÚLTIMA TRANSACCIÓN
campo de control 20250812014739.0
007 - CAMPO FIJO DE DESCRIPCIÓN FÍSICA--INFORMACIÓN GENERAL
campo de control de longitud fija t|
008 - DATOS DE LONGITUD FIJA--INFORMACIÓN GENERAL
campo de control de longitud fija 031016s1966 sp ||||1| spa d
100 1# - ENTRADA PRINCIPAL--NOMBRE DE PERSONA
Nombre de persona Drower, Margaret S.
9 (RLIN) 45669
245 10 - MENCIÓN DEL TÍTULO
Título Egipto en color /
Mención de responsabilidad, etc. texto de Margaret S. Drower ; fotografía de Roger Wood ; [lo tradujo Dolores Sánchez de Aleu].
260 ## - PUBLICACIÓN, DISTRIBUCIÓN, ETC.
Lugar de publicación, distribución, etc. Pamplona :
Nombre del editor, distribuidor, etc. Larraiza,
Fecha de publicación, distribución, etc. [1966]
300 ## - DESCRIPCIÓN FÍSICA
Extensión 158 p., 57 lám. ;
Dimensiones 35 cm.
650 07 - PUNTO DE ACCESO ADICIONAL DE MATERIA--TÉRMINO DE MATERIA
Término de materia o nombre geográfico como elemento de entrada Arte egipcio
Fuente del encabezamiento o término embne
9 (RLIN) 10185
651 #4 - PUNTO DE ACCESO ADICIONAL DE MATERIA--NOMBRE GEOGRÁFICO
Nombre geográfico Egipto-
Subdivisión general Restos arqueológicos.
9 (RLIN) 137128
700 1# - ENTRADA AGREGADA--NOMBRE PERSONAL
Nombre de persona Wood, Robert.
9 (RLIN) 117318
700 1# - ENTRADA AGREGADA--NOMBRE PERSONAL
Nombre de persona Sánchez Aleu, Dolores.
9 (RLIN) 174488
852 ## - LOCALIZACIÓN
Ubicación ES-MaACL
Número de control de estantería B-2899
Sublocalización o colección R.61431
Holdings
Estatus retirado Estado de pérdida Estado de daño No para préstamo Biblioteca de origen Biblioteca actual Ubicación en estantería Fecha de adquisición Fuente de adquisición Total de préstamos Signatura topográfica completa Código de barras Visto por última vez Precio de reemplazo Tipo de ítem Koha
        Biblioteca del Ateneo de Madrid Biblioteca del Ateneo de Madrid Sala Pardo Bazán 17/01/2008     B-2899 1060341 23/02/2023 23/02/2023 Libro impreso